| 000 | 00868nac a22002531u 4500 | ||
|---|---|---|---|
| 010 | _a 93022755 | ||
| 020 | _a0793107113 | ||
| 082 | 0 | 0 |
_a368.3009 _bINT |
| 090 |
_c9374 _d9374 |
||
| 100 | _a20080729 | ||
| 245 | 0 | 0 | _aIntroduction to group insurance. |
| 250 | _a4th ed. | ||
| 260 |
_aChicago, Ill. : _bDearborn-R & R Newkirk,c1993. _cc1993. |
||
| 300 |
_ax, 153 p. : _bill. ; _c28cm. |
||
| 500 | _aDistributer: Al-Ahram. | ||
| 511 | _aCatalogued By: Mahitab. | ||
| 650 | 0 |
_aInsurance, Group _zUnited States. |
|
| 650 | 0 |
_aInsurance, Life _zUnited States. |
|
| 650 | 0 |
_aInsurance, Health _zUnited States. |
|
| 710 | 2 | _aDearborn-R & R Newkirk. | |
| 740 | 0 | _aGroup insurance. | |
| 942 |
_cBB _k368.3009INT |
||
| 999 |
_c9374 _d9374 |
||